Biblioteca "Ernesto Sabato"
Facultad de Derecho y Ciencias Sociales
Facultad de Lenguas
Universidad Nacional del Comahue

Nuevos aires (Record no. 4179)

MARC details
000 -CABECERA
campo de control de longitud fija 00429caa a22001812a 4500
001 - NÚMERO DE CONTROL
campo de control 001401
003 - IDENTIFICADOR DEL NÚMERO DE CONTROL
campo de control AR-FADEU
008 - DATOS DE LONGITUD FIJA--INFORMACIÓN GENERAL
campo de control de longitud fija 311216n############xxu####################dd
092 ## - ASIGNACIÓN LOCAL DE SIGNATURA TOPOGRÁFICA DEWEY (OCLC)
Número de clasificación PP(306)NUE
100 ## - ENTRADA PRINCIPAL--NOMBRE DE PERSONA
Nombre de persona Senkman, Leonardo
245 ## - MENCIÓN DE TÍTULO
Resto del título La Cábala y el poder de la palabra
245 ## - MENCIÓN DE TÍTULO
Título Nuevos aires
260 ## - PUBLICACIÓN, DISTRIBUCIÓN, ETC. (PIE DE IMPRENTA)
Fecha de publicación, distribución, etc. dic. 72 ene. feb. 1973
300 ## - DESCRIPCIÓN FÍSICA
Extensión 39-48
440 ## - MENCIÓN DE SERIE/PUNTO DE ACCESO ADICIONAL--TÍTULO
Número de parte o sección de la obra 9
650 ## - PUNTO DE ACCESO ADICIONAL DE MATERIA--TÉRMINO DE MATERIA
Término de materia o nombre geográfico como elemento inicial CABALA-PALABRA
942 ## - ELEMENTOS DE PUNTO DE ACCESO ADICIONAL (KOHA)
Tipo de ítem Koha PPGR

No items available.

Facultad de Derecho y Ciencias Sociales | Universidad Nacional del Comahue | Mendoza y Perú General Roca | Río Negro CP (8332) | Patagonia Argentina | Teléfono: 54-0298-4433670 | | Fax: 0298-4432093 | Fax alumnos: 0298-4435700